| 000 | 00743nam a22002297a 4500 | ||
|---|---|---|---|
| 999 |
_c159313 _d159313 |
||
| 005 | 20181213164443.0 | ||
| 006 | a|||||f|||| 00| 0 | ||
| 007 | tc | ||
| 008 | 180720b xxu||||| |||| 00| 0 eng d | ||
| 010 | _aB-194680-B-194684 | ||
| 020 | _c180.80(full set) | ||
| 035 | _aB-194680 | ||
| 037 | _bA.I.C.B. | ||
| 082 | _a822 | ||
| 100 | _aSanders, N. | ||
| 245 |
_aOthello _cby N. Sanders |
||
| 260 |
_aDelhi _bA.C.I.B. _cN.D. |
||
| 270 |
_aSector-5, Rohini, _bNew Delhi _e110085 _k011-27054082 |
||
| 300 |
_a5V.,various pages. _c30cm(HB). |
||
| 942 |
_2ddc _cBRLEN _h822 _mSAN |
||